000 00283nam a22001337a 4500
008 170615b xxu||||| |||| 00| 0 eng d
020 _a9781566430371
041 _aeng
080 _a324
100 _a19
101 _aSHP
245 _aHOW RUSSIA VOTES
_cWHITE,S
942 _2udc
_cBK
999 _c17476
_d17476